[Event "Chennai op 5th"]
[Site "Chennai"]
[Date "2013.01.18"]
[Round "5"]
[White "Sidhant, Mohapatra"]
[Black "Sai, Prahlad K"]
[Result "1/2-1/2"]
[WhiteElo "2233"]
[BlackElo "1916"]
[PlyCount "108"]
[EventDate "2013.01.16"]
[EventType "swiss"]
[EventRounds "11"]
[EventCountry "IND"]
[SourceTitle "CBM 152 Extra"]
[Source "ChessBase"]
[SourceDate "2013.02.25"]
[SourceVersion "1"]
[SourceVersionDate "2013.02.25"]
[SourceQuality "1"]

1. e4 e5 2. Nf3 Nc6 3. Bb5 a6 4. Ba4 Nf6 5. 0-0 Be7 6. d3 b5 7. Bb3 d6 8. c3 Na5 9. Bc2 c5 10. a4 b4 11. cxb4 cxb4 12. d4 Bg4 13. dxe5 Bxf3 14. Qxf3 dxe5 15. Nd2 Rc8 16. Bd3 0-0 17. Qe2 Nc6 18. Nb3 a5 19. Rd1 Qd7 20. Ba6 Qe6 21. Bc4 Qg4 22. f3 Qh4 23. Be3 Nd4 24. Nxd4 exd4 25. Bxd4 Bd6 26. g3 Bxg3 27. Bxf6 gxf6 28. hxg3 Qxg3+ 29. Kf1 Rxc4 30. Qxc4 Qxf3+ 31. Ke1 Re8 32. Kd2 Rd8+ 33. Kc2 b3+ 34. Qxb3 Rc8+ 35. Qc3 Qxe4+ 36. Kb3 Rxc3+ 37. bxc3 Qb7+ 38. Ka2 Qc7 39. Rac1 Qc4+ 40. Ka3 Qc5+ 41. Kb3 h5 42. Rd4 h4 43. Rh1 Qb6+ 44. Kc2 f5 45. Rhxh4 Qc6 46. Rhf4 Qe6 47. Kb2 Qe2+ 48. Kb3 Qe6+ 49. Rc4 Kg7 50. Rfd4 Kg6 51. Ka3 Qe7+ 52. Kb3 Qe6 53. Kb2 Qe2+ 54. Kb3 Qe6 1/2-1/2